| 000 | 01310cam a2200277 4500 | ||
|---|---|---|---|
| 008 | 160316n2015 000 0 eng u | ||
| 020 | _a9780414034358 | ||
| 035 | _a(Sirsi) u159196 | ||
| 041 | _aeng | ||
| 050 | _a346.4104343 | ||
| 100 | _aWebber, Gary | ||
| 245 |
_aBusiness premises _bpossession and lease renewal |
||
| 250 | _a5th ed. | ||
| 260 |
_aLondon _bSweet and Maxwell _c2015 |
||
| 300 |
_alx, 698p. _c24cm |
||
| 520 | _aA guide to the legal and procedural aspects of possession and lease renewal of business tenancies. Looks at applicatIon of the Landlord and Tenant Act 1954 Part II, contracting out of the 1954 Act, possession without a lease, assignment of the landlord's interest, licences of business premises, forfeiture, non-payment of rent, assignment and subletting, relief from forteiture, termination by notice and grounds for giving notice, dealing with possession claims, peaceable re-entry and applications for a new tenancy and paying interim rent. Extensive referencing to case law throughout. | ||
| 590 | _aKA | ||
| 650 | _aLANDLORD AND TENANT ACT 1954 PART II | ||
| 650 | _aFORFEITURE | ||
| 650 | _aLEASES | ||
| 650 | _aTERMINATION | ||
| 651 | 4 | _aENGLAND AND WALES | |
| 690 |
_aLandlord and tenant _96252 |
||
| 690 |
_aCommercial property _96227 |
||
| 942 | _n0 | ||
| 999 |
_c115735 _d115735 |
||